000 00465nam a2200181Ia 4500
001 1954
005 20260306143806.0
008 260306t2012||||xx |||||||||||||| ||spa||
041 _aESP
082 _a158.4
_bG23
100 _aGarcia Morera, Auri
_eAUT
245 0 _aTito:
_bel mejor relevo de Pep Guardiola como entrenador del FC Barcelona
260 _c2012
300 _a95 páginas :
_c19 cm.
650 _aGEN
654 _aCPS
942 _cLIB
_dJUS
_fJUS
_2ddc
_n
999 _c1954
_d1954